000 00605 a2200205 4500
001 63355
005 20260407155931.0
008 260407a1945 arg spa d
003 AR-UNSa-BCEJYS
040 _aAR-UNSa-BCEJYS
_bspa
_cAR-UNSa-BCEJYS
080 _a517.2/3
_xCálculo diferencial e integral
245 1 0 _aElementos de cálculo infinitesimal
264 1 _aMéxico :
_bUnión Tipográfica Editorial Hispano-Americana (UTEHA)
_c1945
300 _a398 p.
041 _aspa
942 _cBK
590 _aniveau_biblio:m niveau_hierar:0
100 1 _aPhillips, H.B.
700 1 _aOrtiz R., Teodoro
999 _c8139
_d8139